[Event "Kishinev Interzonal (Women)"]
[Site "Kishinev"]
[Date "1995.??.??"]
[Round "5"]
[White "Sakhatova, Elvira"]
[Black "Jezierska, Ivona"]
[Result "1-0"]
[WhiteElo "2340"]
[BlackElo "2085"]

1.e4 d6 2.d4 g6 3.Nc3 Bg7 4.Nf3 Nf6 5.Be2 O-O 6.O-O e5 7.Re1 Nbd7 8.dxe5 dxe5
9.Bc4 c6 10.a4 a5 11.h3 h6 12.Qd6 Re8 13.Be3 Qe7 14.Qxe7 Rxe7 15.Rad1 Nh5
16.Nd2 Bf8 17.Nb3 Re8 18.Rd2 Kg7 19.Red1 Nhf6 20.Re2 Bb4 21.f3 b6 22.Na2 Bf8
23.Red2 Rb8 24.Bf1 Be7 25.Nac1 Nf8 26.Nd3 N6d7 27.Nf2 f6 28.c3 Nc5 29.Bxc5 bxc5
30.Nxa5 Be6 31.Nxc6 Rb7 32.Nxe7 Rexe7 33.Bb5 Bb3 34.Ra1 Ne6 35.Ng4 c4 36.Ne3 Rec7
37.Rd6 Kf7 38.Nd5 Rc5 39.Be8+ Kxe8 40.Rxe6+ Kf7 41.Rxf6+ Kg7 42.Re6 Ra5 43.Re7+ Rxe7
44.Nxe7 Rxa4 45.Rxa4 Bxa4 46.h4 Kf7 47.Nd5 Ke6 48.Kf2 Bc6 49.Ne3 Bb5 50.Ng4 h5
51.Ne3 Ba6 52.Kg3 Bb5 53.f4 Kf6 54.Nd5+ Kf7 55.fxe5 Bc6 56.Kf4 Ke6 57.Ne3 Bb5
58.Nc2 Ba6 59.Nd4+ Ke7 60.Nf3 Bb7 61.Ke3 Ba6 62.Kd4 Bb5 63.Nd2  1-0

[Event "Kishinev Interzonal (Women)"]
[Site "Kishinev"]
[Date "1995.??.??"]
[Round "11"]
[White "Thipsay, Bagyashree Sathe"]
[Black "Kiseleva, Natalia"]
[Result "0-1"]
[WhiteElo "2195"]
[BlackElo "2260"]

1.e4 g6 2.d4 Bg7 3.Nc3 d6 4.f4 a6 5.Nf3 b5 6.a4 b4 7.Nb1 Bb7 8.Bd3 Nd7 9.a5 c5
10.dxc5 Nxc5 11.Qe2 Nf6 12.Nbd2 O-O 13.O-O Qc7 14.Ng5 Rac8 15.Nh3 Qc6 16.Re1 Rfe8
17.Qf3 e5 18.f5 d5 19.Nf2 Qd7 20.g4 Red8 21.exd5 Bxd5 22.Qh3 e4 23.Bf1 gxf5
24.gxf5 Kh8 25.Nc4 Rg8 26.Be3 Bxc4 27.Bxc4 Ne8 28.Kh1 Nd6 29.Rad1 Qe7 30.Bxc5 Rxc5
31.Bxa6 Rxc2 32.Re2 Rxe2 33.Bxe2 Bxb2 34.Qb3 Bc3 35.Rg1 Ra8 36.a6 e3 37.Nd1 Qe4+
38.Rg2 Rg8 39.Nxe3 Rxg2 40.Nxg2 Qxe2  0-1

[Event "Kosice op"]
[Site "Kosice"]
[Date "1995.??.??"]
[Round "?"]
[White "Manik, Mikulas"]
[Black "Marusak, Peter"]
[Result "1-0"]
[WhiteElo "2380"]
[BlackElo "2150"]

1.e4 g6 2.d4 Bg7 3.Nc3 d6 4.Be3 Nf6 5.f3 c6 6.Qd2 O-O 7.g4 e5 8.Nge2 Re8
9.O-O-O Nbd7 10.Ng3 Qa5 11.h4 exd4 12.Bxd4 Ne5 13.Be2 Be6 14.g5 Nfd7 15.f4 b5
16.fxe5 b4 17.exd6 Ne5 18.Qf4 Rad8 19.Nd5 Bxd5 20.exd5 c5 21.Ne4 cxd4 22.Nf6+ Bxf6
23.gxf6 Rxd6 24.h5 Qxd5 25.Qh6 Rxf6 26.hxg6 Rxg6 27.Qxh7+ Kf8 28.Kb1 Rd8
29.Rh5 Qe4 30.Rf1 Re8 31.Rh2 d3 32.Bh5  1-0

[Event "Kuopio op1"]
[Site "Kuopio"]
[Date "1995.??.??"]
[Round "?"]
[White "Rantanen, Yrjo A"]
[Black "Khropov, Boris"]
[Result "0-1"]
[WhiteElo "2340"]
[BlackElo "2250"]

1.e4 d6 2.d4 g6 3.Nc3 Bg7 4.Be3 Nc6 5.Nge2 Nh6 6.h3 f5 7.Qd2 Nf7 8.exf5 gxf5
9.d5 Nce5 10.Nf4 O-O 11.Ne6 Bxe6 12.dxe6 Nh8 13.f4 Nc6 14.g4 Ng6 15.h4 Qc8
16.Nd5 Qxe6 17.Nxc7 Qf6 18.c3 fxg4 19.Nxa8 Rxa8 20.O-O-O Rf8 21.Bc4+ Kh8
22.Rdf1 Bh6 23.Rhg1 Na5 24.Bd3 Nxf4 25.Kb1 e5 26.Rxg4 Nc6 27.Be4 d5 28.Bc2 Qe6
29.Rfg1 Ne7 30.Qh2 b6 31.h5 Ng8 32.Bxf4 Bxf4 33.Rg7 Nf6 34.Qh4 Ne4 35.Qe1 Nf6
36.Rxa7  0-1

[Event "Clarin op"]
[Site "La Carlota"]
[Date "1995.??.??"]
[Round "9"]
[White "Spangenberg, Hugo"]
[Black "Herman, Diego"]
[Result "1-0"]
[WhiteElo "2490"]
[BlackElo "2090"]

1.e4 g6 2.d4 Bg7 3.Nc3 d6 4.Bg5 Nd7 5.Qd2 a6 6.a4 c5 7.d5 Qa5 8.Nd1 Qxd2+
9.Kxd2 Ngf6 10.f3 e6 11.Ne3 Ne5 12.Ne2 O-O 13.Nc3 Re8 14.Be2 h6 15.Bh4 Nh5
16.Rhd1 g5 17.Bf2 Nf4 18.Bf1 Bf8 19.Bg3 Bd7 20.a5 Rab8 21.Ra2 Be7 22.Ke1 Kg7
23.Kf2 Rf8 24.h3 f5 25.Ra3 Nxh3+ 26.gxh3 f4 27.Be2 fxg3+ 28.Kxg3 b5 29.axb6 Rxb6
30.dxe6 Bxe6 31.Ncd5 Rb7 32.Nxe7 Rxe7 33.Rxd6 Bc8 34.Nd5 Ref7 35.Rc3 h5 36.Nb6 Bb7
37.Nc4 h4+ 38.Kf2  1-0

[Event "La Coruna TH op"]
[Site "La Coruna"]
[Date "1995.??.??"]
[Round "6"]
[White "Suarez, Diego"]
[Black "Todorcevic, Miodrag"]
[Result "1-0"]
[WhiteElo "2265"]
[BlackElo "2465"]

1.e4 g6 2.d4 Bg7 3.Nc3 d6 4.f4 Nf6 5.Nf3 O-O 6.Bd3 Na6 7.O-O c5 8.d5 Bg4
9.h3 Bxf3 10.Qxf3 Nb4 11.Bd2 a6 12.a4 Rc8 13.Na2 Nxd3 14.Qxd3 Qb6 15.Nc3 Nd7
16.Qc4 Qb4 17.Qe2 Nb6 18.a5 Bxc3 19.Bxc3 Qc4 20.Qxc4 Nxc4 21.b3 Ne3 22.Rfc1 e6
23.Bd2 exd5 24.Bxe3 Rfe8 25.e5 dxe5 26.fxe5 f6 27.e6 Rxe6 28.Re1 Re4 29.Bf2 f5
30.Rad1 d4 31.c3 dxc3 32.Rxe4 fxe4 33.Rc1 Rd8 34.Rxc3 Rd1+ 35.Kh2 Kf7 36.Rc4 Rd2
37.Bxc5 Re2 38.Rb4  1-0

[Event "La Coruna TH op"]
[Site "La Coruna"]
[Date "1995.??.??"]
[Round "8"]
[White "Romero Holmes, Alfonso"]
[Black "Brito, Alfredo"]
[Result "1-0"]
[WhiteElo "2435"]
[BlackElo "2360"]

1.e4 g6 2.d4 Bg7 3.Nc3 d6 4.h4 h5 5.Bc4 Nf6 6.Nh3 c6 7.Bb3 Bxh3 8.Rxh3 Qd7
9.e5 dxe5 10.dxe5 Qxd1+ 11.Nxd1 Ng4 12.e6 f5 13.f3 Ne5 14.Nc3 O-O 15.Bf4 Rd8
16.Kf2 b5 17.Rhh1 Na6 18.Rad1 Nc4 19.Bxc4 bxc4 20.Rd7 Bd4+ 21.Be3 Bxe3+ 22.Kxe3 Rxd7
23.exd7 Rd8 24.Rd1 Nb8 25.Rd4 Rxd7 26.Rxc4 e5 27.Rc5 Re7 28.Nb1 Rb7 29.b3 Rb5
30.Rc4 Kf7 31.Ra4 Rb7 32.Na3 Ke6 33.Nc4 a6 34.Nb2 Kd6 35.Nd3 c5 36.f4 e4
37.Ne5 Rb4 38.Ra5 Rd4 39.Ke2 e3 40.Kxe3 Re4+ 41.Kf3 Re1 42.Nxg6 Rc1 43.c4 Rc3+
44.Kf2 Rc2+ 45.Kg3 Kc6 46.Ne7+ Kb6 47.Ra4 Nd7 48.Nxf5 Nf6 49.Ne3 Rc3 50.Kf2 Ne4+
51.Kf3 Nd6 52.Ke2 Ka7 53.Ra5 Nb7 54.Kd2 Rxe3 55.Kxe3 Nxa5 56.Ke4 Nc6 57.Kf5 Kb6
58.Kg6 Kc7 59.Kxh5 Na5 60.Kg5 Kd7 61.Kf6 Ke8 62.Ke6  1-0

[Event "La Coruna TH op"]
[Site "La Coruna"]
[Date "1995.??.??"]
[Round "9"]
[White "De la Fuente, Alfredo"]
[Black "Todorcevic, Miodrag"]
[Result "0-1"]
[WhiteElo "2190"]
[BlackElo "2465"]

1.e4 g6 2.d4 Bg7 3.Nc3 d6 4.Bg5 h6 5.Be3 Nd7 6.f4 b6 7.Bd3 c5 8.Nf3 Bb7 9.O-O cxd4
10.Bxd4 Bxd4+ 11.Nxd4 Nc5 12.Bb5+ Kf8 13.f5 g5 14.Qe2 Nf6 15.Bc6 Bxc6 16.Nxc6 Qc7
17.Nd4 Ncd7 18.Qb5 Qc5 19.Qxc5 bxc5 20.Nf3 Rb8 21.b3 g4 22.Nd2 Ne5 23.Nd5 Nfd7
24.Rad1 h5 25.Ne3 Nc6 26.c3 Kg7 27.Ndc4 Nf6 28.Nd2 a5 29.Nd5 a4 30.Rb1 axb3
31.axb3 Rb7 32.Ra1 Ne5 33.Ra4 Rhb8 34.Rfa1 Nxd5 35.exd5 Kf6 36.Rf1 Rxb3 37.Ne4+ Kg7
38.f6+ exf6 39.Nxd6 Rb1 40.Rf4 Rxf1+ 41.Rxf1 Rd8 42.Nf5+ Kg6 43.Ne7+ Kg7
44.Nf5+ Kf8 45.Ne3 Nd7 46.Rf5 Re8 47.Kf2 Kg7 48.Ke2 Kg6 49.Rf1 Ne5 50.Kd2 Ra8
51.Rc1 c4 52.Rb1 Ra2+ 53.Nc2 f5 54.g3 h4 55.Rb6+ f6 56.Rb7 Nf3+ 57.Kd1 Nxh2
58.d6 hxg3 59.Ne3 Nf3 60.d7 Rd2+ 61.Kc1 Rd3 62.Ng2 Kg5  0-1

[Event "Las Palmas op"]
[Site "Las Palmas"]
[Date "1995.??.??"]
[Round "3"]
[White "Hernandez, Gilberto"]
[Black "Todorcevic, Miodrag"]
[Result "1-0"]
[WhiteElo "2525"]
[BlackElo "2465"]

1.e4 g6 2.d4 Bg7 3.Nc3 d6 4.Nge2 Nc6 5.Be3 e5 6.Qd2 Nge7 7.f3 O-O 8.O-O-O a6
9.g4 exd4 10.Nxd4 Ne5 11.g5 Nd7 12.f4 Nc6 13.h4 Nxd4 14.Bxd4 Bxd4 15.Qxd4 Nb6
16.Be2 Qe7 17.h5 d5 18.exd5 Bf5 19.h6 f6 20.d6 Qf7 21.dxc7 Qxc7 22.gxf6 Rac8
23.Bf3 Rcd8 24.f7+  1-0

[Event "Las Palmas op"]
[Site "Las Palmas"]
[Date "1995.??.??"]
[Round "5"]
[White "Sarmiento, Braulio Alfonso"]
[Black "Todorcevic, Miodrag"]
[Result "1-0"]
[WhiteElo "2300"]
[BlackElo "2465"]

1.d4 g6 2.e4 Bg7 3.Nc3 d6 4.g3 Nf6 5.Bg2 O-O 6.Nge2 Nbd7 7.O-O e5 8.h3 a6
9.a4 b6 10.Bg5 Bb7 11.Qd2 Re8 12.Rfe1 Qb8 13.d5 c6 14.dxc6 Bxc6 15.Nc1 Qc7
16.N1a2 Rac8 17.Nb4 Bb7 18.Bf1 Nc5 19.Bxf6 Bxf6 20.Rad1 Be7 21.Nbd5 Bxd5
22.Nxd5 Qd8 23.b4 Ne6 24.c3 a5 25.Kg2 axb4 26.cxb4 Bg5 27.Qb2 h5 28.Bb5 Rf8
29.Rf1 h4 30.Rd3 Bh6 31.Rc3 Rb8 32.Rc6 Nd4 33.Rc7 Qg5 34.Qc3 Bg7 35.Qe3 Qh5
36.g4 Qh8 37.Bc4 Bf6 38.Rc1 Ne6 39.Ne7+ Bxe7 40.Bxe6 Bd8 41.Bd5 Bxc7 42.Rxc7 Qf6
43.Qc3 Kh8 44.a5 bxa5 45.bxa5 Qf4 46.a6 f5 47.a7 fxg4 48.Rf7 gxh3+ 49.Kxh3 Qh6
50.Qf3 g5 51.Rxf8+ Rxf8 52.Qxf8+  1-0

[Event "Las Palmas op"]
[Site "Las Palmas"]
[Date "1995.??.??"]
[Round "7"]
[White "Castellano, Jose"]
[Black "Todorcevic, Miodrag"]
[Result "0-1"]
[WhiteElo "2175"]
[BlackElo "2465"]

1.e4 g6 2.d4 Bg7 3.Nc3 d6 4.f4 Nf6 5.Nf3 O-O 6.Be2 Na6 7.O-O c5 8.Bxa6 cxd4
9.Nxd4 bxa6 10.Kh1 Bb7 11.Re1 Rc8 12.Qd3 Ng4 13.Be3 e5 14.Nde2 Qh4 15.Bg1 f5
16.Nd5 fxe4 17.Qxe4 Kh8 18.c4 g5 19.g3 Qxh2+ 20.Bxh2 Nf2+ 21.Kg1 Nxe4 22.Rad1 Rxc4
23.Nc1 exf4 24.gxf4 Bd4+  0-1

[Event "Las Palmas op"]
[Site "Las Palmas"]
[Date "1995.??.??"]
[Round "9"]
[White "Menvielle Lacourrelle, Augusto"]
[Black "Todorcevic, Miodrag"]
[Result "0-1"]
[WhiteElo "2285"]
[BlackElo "2465"]

1.e4 g6 2.d4 Bg7 3.Nc3 d6 4.f4 Nf6 5.Nf3 O-O 6.Bd3 Na6 7.e5 Ng4 8.h3 Nh6
9.Be3 c5 10.g4 cxd4 11.Bxd4 dxe5 12.fxe5 f5 13.exf6 exf6 14.Qd2 Re8+ 15.Be2 Nf7
16.Be3 Nb4 17.Bf4 Qa5 18.O-O Qb6+ 19.Kh2 Rd8 20.Bd3 Nxd3 21.cxd3 f5 22.g5 Be6
23.Rad1 Qa6 24.Qe2 Re8 25.Rfe1 b5 26.d4 Nd6 27.Ne5 Rac8 28.d5 Bf7 29.Qd3 Qb6
30.Kg2 b4 31.Na4 Qa5 32.b3 Ne4 33.Nc6 Qxd5 34.Nxb4 Qb7 35.Nc2 Nc5+  0-1

[Event "Le Touquet op"]
[Site "Le Touquet"]
[Date "1995.??.??"]
[Round "?"]
[White "Belkhodja, Slim"]
[Black "Benoit, Michel"]
[Result "1-0"]
[WhiteElo "2365"]
[BlackElo "2250"]

1.e4 g6 2.d4 Bg7 3.Nc3 d6 4.Bg5 c5 5.d5 Qa5 6.Bb5+ Bd7 7.Bxd7+ Nxd7 8.Ne2 b5
9.Qd2 Nb6 10.O-O Nc4 11.Qc1 b4 12.Nd1 Nf6 13.f3 h6 14.Bh4 Qb5 15.a4 Qa6 16.b3 Na5
17.Re1 O-O 18.Ne3 c4 19.Qd1 Rac8 20.Rb1 Rfe8 21.Kh1 Nd7 22.Nd4 cxb3 23.cxb3 Qb6
24.Nec2 Rc3 25.Nb5 Rxc2 26.Qxc2 a6 27.Qc7 Qxc7 28.Nxc7 Rc8 29.Nxa6 Bc3 30.Rec1 Ra8
31.Nc7 Rc8 32.Nb5 Nc5 33.Nxc3 Ncxb3 34.Na2 Nxc1 35.Rxc1 Rxc1+ 36.Nxc1 g5
37.Be1 b3 38.Nd3 Nc4 39.a5 b2 40.Nxb2 Nxb2  1-0

[Event "GER-ch U20 Girls"]
[Site "Leipzig"]
[Date "1995.??.??"]
[Round "6"]
[White "Ludwig, Kristin"]
[Black "Heymann, Ulrike"]
[Result "1-0"]
[WhiteElo "2055"]
[BlackElo "2105"]

1.e4 g6 2.d4 Bg7 3.Nc3 d6 4.Bg5 c6 5.Qd2 Nd7 6.f4 Qb6 7.O-O-O Qa5 8.Nf3 b5
9.Kb1 b4 10.Ne2 Ngf6 11.Ng3 h6 12.Bh4 O-O 13.Bd3 Nb6 14.Bxf6 exf6 15.Ne2 c5
16.c3 Ba6 17.cxb4 Bxd3+ 18.Qxd3 Qxb4 19.dxc5 f5 20.e5 dxe5 21.cxb6 e4 22.Qd2 Qa4
23.Nfd4 axb6 24.Nc3 Qc4 25.Qe2 Qb4 26.Qb5 Qe7 27.g3 Rfc8 28.Qb3 Qc5 29.Ncb5 Rd8
30.Rc1 Qe7 31.Nc6  1-0

[Event "Lisboa"]
[Site "Lisboa"]
[Date "1995.??.??"]
[Round "7"]
[White "Costa, F."]
[Black "Leonardo, Joao"]
[Result "0-1"]
[WhiteElo "2025"]
[BlackElo "2275"]

1.e4 g6 2.d4 Bg7 3.Nc3 d6 4.Be3 c6 5.a4 Nf6 6.Be2 Qa5 7.f3 O-O 8.Bd3 e5 9.Ne2 Nbd7
10.O-O d5 11.exd5 cxd5 12.Qd2 exd4 13.Nxd4 Ne5 14.Nb3 Qd8 15.Bc5 Re8 16.Bb5 Nc4
17.Qf2 Bd7 18.Rab1 b6 19.Bd4 Bxb5 20.Nxb5 Nd6 21.Nxa7 Nc4 22.Nb5 Rxa4 23.Nd2 Nxd2
24.Qxd2 Qd7 25.b3 Ra5 26.Nc3 Qc6 27.Na4 Ra6 28.Rbd1 b5 29.Nc5 Ra2 30.b4 Rd8
31.Rf2 Ne8 32.Bxg7 Nxg7 33.Ne4 Rda8 34.Qg5 Ne8 35.Qh4 dxe4  0-1

[Event "Litomysl op"]
[Site "Litomysl"]
[Date "1995.??.??"]
[Round "1"]
[White "Kalikova, Jana"]
[Black "Oral, Tomas"]
[Result "0-1"]
[WhiteElo "2100"]
[BlackElo "2410"]

1.e4 d6 2.d4 g6 3.Nc3 Bg7 4.Nf3 c6 5.h3 Nf6 6.Be2 O-O 7.O-O Nbd7 8.a4 Qc7
9.a5 e5 10.d5 cxd5 11.exd5 a6 12.Be3 b5 13.axb6 Nxb6 14.Qd2 Bb7 15.Bxb6 Qxb6
16.Na4 Qa7 17.c4 e4 18.Ne1 Nd7 19.Nc2 f5 20.Rfd1 f4 21.Nc3 Rae8 22.Nb5 Qb8
23.Nbd4 f3 24.gxf3 exf3 25.Bf1 Nc5 26.Re1 Re5 27.Rxe5 dxe5 28.Nc6 Qd6 29.Ra3 Bxc6
30.b4 Nd7 31.Rxa6 Nb8 32.Ra7 Rf4 33.Qe3 Bd7 34.Ra8 Bh6 35.Qb3 Kg7 36.c5 Qf6
37.Rxb8 Qg5+ 38.Kh1 Rf7 39.Rb7 Qh4 40.Rxd7 Rxd7 41.Qxf3 Rf7 42.Qe2 Rxf2 43.Qxe5+ Qf6
44.Qc7+ Kg8 45.Qc8+ Bf8  0-1

[Event "SLO-ch (Women)"]
[Site "Ljubljana"]
[Date "1995.??.??"]
[Round "?"]
[White "Ipavec, Petra"]
[Black "Vospernik, Mira"]
[Result "1/2-1/2"]
[WhiteElo "2330"]
[BlackElo "2130"]

1.e4 d6 2.d4 g6 3.Nc3 Bg7 4.Be2 Nd7 5.Nf3 e6 6.Be3 Ne7 7.Qd2 h6 8.Bc4 Nb6
9.Bb3 d5 10.exd5 Nbxd5 11.Nxd5 exd5 12.Ne5 c6 13.O-O Be6 14.h3 Nf5 15.Bf4 g5
16.Bh2 h5 17.Rfe1 g4 18.Qf4 Ne7 19.hxg4 hxg4 20.c3 O-O 21.Nxg4 Ng6 22.Qg3 Qg5
23.Ne5 Qxg3 24.Bxg3 Nxe5 25.Bxe5 f6 26.Bd6 Rfe8 27.Bc2 Kf7 28.Re3 Bd7 29.Rae1 Rxe3
30.Rxe3 Re8 31.Rxe8  1/2-1/2

[Event "POL-chT"]
[Site "Lubniewice"]
[Date "1995.??.??"]
[Round "2"]
[White "Bus, Mariusz"]
[Black "Szymczak, Zbigniew"]
[Result "1/2-1/2"]
[WhiteElo "2380"]
[BlackElo "2345"]

1.e4 g6 2.d4 Bg7 3.Nc3 d6 4.g3 Nf6 5.Bg2 O-O 6.Nge2 e5 7.O-O Nc6 8.dxe5 dxe5
9.Nd5 Nxd5 10.exd5 Ne7 11.c4 Bg4 12.Bg5 h6 13.Be3 Nf5 14.Bc5 Bxe2 15.Qxe2 Re8
16.Rfe1 b6 17.Bb4 Nd4 18.Qd2 Qf6 19.Bc3 Rad8 20.Re4 c5 21.Rae1  1/2-1/2

[Event "POL-chT"]
[Site "Lubniewice"]
[Date "1995.??.??"]
[Round "4"]
[White "Masternak, Grzegorz"]
[Black "Szymczak, Zbigniew"]
[Result "0-1"]
[WhiteElo "2350"]
[BlackElo "2345"]

1.e4 g6 2.Nc3 Bg7 3.d4 d6 4.Be2 Nf6 5.h4 c5 6.dxc5 Qa5 7.Qd3 Qxc5 8.Be3 Qa5
9.O-O-O Nc6 10.h5 Be6 11.h6 Bf8 12.a3 a6 13.Nd5 Bxd5 14.exd5 Ne5 15.Qb3 b5
16.f4 Ned7 17.Bd4 Rc8 18.Rh3 Rg8 19.g4 g5 20.Nf3 gxf4 21.g5 Ne4 22.Qd3 f5
23.gxf6 Nexf6 24.Bxf6 Nxf6 25.Nd4 Rg5 26.Bf3 Rc4 27.c3 Qb6 28.Be4 Rg3 29.Rxg3 fxg3
30.Rh1 Ng4 31.Bg6+ Kd8 32.Ne6+ Kc8 33.Nxf8 g2 34.Bf5+ Kb7 35.Re1 g1=Q 36.Rxg1 Qxg1+
37.Kc2 Ne3+ 38.Kb3 Qg5 39.Bxh7 Qxh6 40.Ne6 Rc8 41.Qd4 Nc4 42.Bf5  0-1

[Event "Lvov"]
[Site "Lvov"]
[Date "1995.??.??"]
[Round "11"]
[White "Sulipa, Aleksandar"]
[Black "Gritsak, Orest"]
[Result "0-1"]
[WhiteElo "2435"]
[BlackElo "2365"]

1.d4 g6 2.e4 Bg7 3.Nc3 d6 4.Be3 Nf6 5.f3 c6 6.Qd2 Nbd7 7.O-O-O Qa5 8.Kb1 b5
9.Bh6 Bxh6 10.Qxh6 Nb6 11.Nh3 Bxh3 12.gxh3 Nc4 13.Bxc4 bxc4 14.e5 Rb8 15.Qe3 Qa3
16.b3 Nd5 17.Nxd5 cxd5 18.f4 O-O 19.Qc1 Qa5 20.Rhg1 Rfc8 21.Rg3 Rc6 22.f5 dxe5
23.dxe5 d4 24.fxg6 hxg6 25.Rxd4 Qxe5 26.Qd2 cxb3 27.axb3 Rbc8 28.Rd8+ Rxd8
29.Qxd8+ Kg7 30.Qd2 Rd6 31.Rd3 Rxd3 32.Qxd3 f5 33.c4 f4 34.Kc2 Kf6 35.b4 Qf5
36.c5 e5 37.b5 Qxd3+ 38.Kxd3 Ke6 39.Ke4 g5 40.Kf3 Kd5 41.c6 Kd6 42.Ke4 a6
43.bxa6 Kxc6 44.Kf3 Kb6 45.h4 gxh4 46.Kg4 Kxa6 47.Kxh4 Kb6 48.Kg4  0-1

[Event "Madrid-ch"]
[Site "Madrid"]
[Date "1995.??.??"]
[Round "10"]
[White "Del Rio de Angeles, Gabriel"]
[Black "Roa Alonso, Santiago"]
[Result "1/2-1/2"]
[WhiteElo "2360"]
[BlackElo "2345"]

1.e4 g6 2.d4 Bg7 3.Nc3 d6 4.Be3 Nd7 5.Nf3 a6 6.a4 Ngf6 7.h3 O-O 8.Bc4 e6
9.e5 dxe5 10.dxe5 Nd5 11.Bxd5 exd5 12.Bg5 f6 13.Qxd5+ Kh8 14.O-O-O Qe8 15.exf6 Nxf6
16.Qc5 Ne4 17.Nxe4 Qxe4 18.Rd4 Qf5 19.Qxf5 Bxf5 20.Rd2 Be4 21.Re1 Bc6 22.Re7 Bxa4
23.Rxc7 Bc6 24.Re7 Rae8 25.Ne1 Bh6 26.Rxe8  1/2-1/2

[Event "CRO-chT"]
[Site "Makarska Tucepi"]
[Date "1995.??.??"]
[Round "?"]
[White "Feletar, Darko"]
[Black "Kosanski, Stanko"]
[Result "1/2-1/2"]
[WhiteElo "2330"]
[BlackElo "2420"]

1.e4 d6 2.d4 g6 3.Nc3 Bg7 4.Nf3 Nf6 5.Be2 O-O 6.O-O a6 7.Re1 Nc6 8.d5 Nb8
9.a4 a5 10.h3 c6 11.Be3 Na6 12.Nd4 Nb4 13.Bf3 Qc7 14.Qd2 Nd7 15.Bh6 Nb6 16.Bxg7 Kxg7
17.dxc6 bxc6 18.Be2 e5 19.Nf3 Be6 20.b3 h6 21.Na2 c5 22.Nxb4 cxb4 23.Rad1 Rfd8
24.Bd3 Nd7 25.Qe3 Qb6 26.Nd2 Qxe3 27.Rxe3 Nb6 28.Re2 Rac8 29.Nf1 d5 30.exd5 Rxd5
31.Rde1 Rcc5 32.Nd2 f5 33.Bc4 Nxc4 34.bxc4 Rd6 35.Nb3 Rxc4 36.Nxa5 Rc3 37.Rxe5 Bd7
38.Nb7 Rd2 39.Nc5 Bc8 40.Re7+ Kf6 41.Rc7 Rdxc2 42.Rc6+ Kg5 43.Rxc8 Rxc5 44.Rxc5 Rxc5
45.Rb1 Rc4 46.a5 Rc5 47.Rxb4 Rxa5  1/2-1/2

[Event "CRO-chT"]
[Site "Makarska Tucepi"]
[Date "1995.??.??"]
[Round "?"]
[White "Topalovic, Zlatko"]
[Black "Kosanski, Stanko"]
[Result "0-1"]
[WhiteElo "2315"]
[BlackElo "2420"]

1.e4 g6 2.d4 Bg7 3.Nc3 d6 4.Be3 c6 5.Qd2 b5 6.O-O-O b4 7.Nce2 a5 8.Kb1 Nd7
9.h4 h5 10.Nh3 Nb6 11.Nc1 d5 12.f3 Bxh3 13.Rxh3 e6 14.Bg5 Qb8 15.e5 Nc4 16.Bxc4 dxc4
17.Ne2 c3 18.Qd3 Ne7 19.Bxe7 Kxe7 20.Qc4 Rd8 21.Qc5+ Ke8 22.Qxc6+ Kf8 23.f4 a4
24.Rhd3 cxb2 25.f5 exf5 26.Nf4 Rc8 27.Nxg6+ fxg6 28.Qxg6 b3 29.Qxf5+ Kg8
30.Qe6+ Kh8 31.c4 Qb4 32.c5 Rcb8 33.Rg3 Qa3 34.axb3 axb3  0-1

[Event "CRO-chT"]
[Site "Makarska Tucepi"]
[Date "1995.??.??"]
[Round "?"]
[White "Stadler, Brigita"]
[Black "Svaljek, Radmila"]
[Result "0-1"]
[WhiteElo "2065"]
[BlackElo "2120"]

1.e4 d6 2.d4 g6 3.Nc3 Bg7 4.Be3 c6 5.Qd2 a6 6.h4 h5 7.Nh3 Nd7 8.Bc4 b5 9.Bxf7+ Kxf7
10.Ng5+ Ke8 11.Ne6 Qa5 12.Nxg7+ Kf7 13.Ne6 Kxe6 14.d5+ Kf7 15.dxc6 Ndf6 16.f4 b4
17.Nd5 Nxd5 18.exd5 Nf6 19.O-O Qxd5 20.Bd4 Bg4 21.Rae1 Rhe8 22.c4 Qxc6 23.f5 gxf5
24.Bxf6 exf6 25.Qh6 Re5 26.Qh7+ Ke6  0-1

[Event "CRO-chT"]
[Site "Makarska Tucepi"]
[Date "1995.??.??"]
[Round "?"]
[White "Rogic, Davor"]
[Black "Loncar, Robert"]
[Result "1/2-1/2"]
[WhiteElo "2435"]
[BlackElo "2420"]

1.e4 g6 2.d4 Bg7 3.Nc3 d6 4.Be3 c6 5.a4 Nf6 6.h3 O-O 7.Nf3 Nbd7 8.Be2 e5
9.dxe5 dxe5 10.O-O Qe7 11.Qc1 Nh5 12.Rd1 Nc5 13.Nd2 Nf4 14.Bf1 Nce6 15.Nc4 f5
16.Re1 Nxh3+ 17.gxh3 f4 18.Bd2 Ng5 19.Qd1 Nxh3+ 20.Bxh3 Bxh3 21.Qf3 Qg5+
22.Kh2 Bg4 23.Qg2 Qh4+ 24.Kg1 Bh3 25.Qh2 Qg4+ 26.Kh1 Qf3+ 27.Kg1 Qg4+ 28.Kh1 Qf3+
29.Kg1 Qg4+  1/2-1/2

[Event "CRO-chT"]
[Site "Makarska Tucepi"]
[Date "1995.??.??"]
[Round "?"]
[White "Palac, Mladen"]
[Black "Kosanski, Stanko"]
[Result "1-0"]
[WhiteElo "2515"]
[BlackElo "2420"]

1.e4 d6 2.d4 g6 3.Nc3 Bg7 4.Be3 Nc6 5.Qd2 e5 6.Nge2 f5 7.exf5 Bxf5 8.d5 Nce7
9.Ng3 c5 10.Nce4 h6 11.b4 b6 12.Bb5+ Kf8 13.bxc5 bxc5 14.O-O Bxe4 15.Nxe4 Nf5
16.Rab1 Nge7 17.Qd3 Rb8 18.Bc4 Rb6 19.Bd2 Qb8 20.Rxb6 Qxb6 21.g4 Nh4 22.f4 Kg8
23.Be1 g5 24.f5 Bf8 25.Bxh4 gxh4 26.f6 Rh7 27.fxe7 Bxe7 28.Nf6+ Bxf6 29.Qg6+  1-0

[Event "CRO-chT"]
[Site "Makarska Tucepi"]
[Date "1995.??.??"]
[Round "?"]
[White "Palac, Mladen"]
[Black "Feletar, Darko"]
[Result "1-0"]
[WhiteElo "2515"]
[BlackElo "2330"]

1.d4 g6 2.e4 Bg7 3.Nc3 d6 4.f4 Nf6 5.Nf3 O-O 6.Be2 c5 7.dxc5 Qa5 8.O-O Qxc5+
9.Kh1 Nbd7 10.Bd3 a6 11.a4 b6 12.Qe1 e5 13.Be3 Qc7 14.fxe5 dxe5 15.Qh4 Bb7
16.Nd2 Nh5 17.Bc4 Nf4 18.Rf2 b5 19.axb5 axb5 20.Rxa8 Rxa8 21.Bxb5 Nc5 22.Rf1 f5
23.Bxf4 exf4 24.exf5 Bxc3 25.bxc3 Bxg2+ 26.Kxg2 Qb7+ 27.Rf3 Qxb5 28.Qxf4 Rf8
29.f6 Qe2+ 30.Rf2 Qe6 31.Qd4 Qc6+ 32.Kg1 Ne6 33.Qe5 Nd8 34.c4 Nf7 35.Qe4 Qc8
36.Re2 Rd8 37.Nf3 Qc5+ 38.Kg2 Rf8 39.Qd5 Qb6 40.Re6 Qb2 41.Qe4 Qc3 42.h4 Qa5
43.Re8 Qc5 44.Ng5 Qd6 45.Rxf8+ Qxf8 46.Qd5 h6 47.Nxf7 Qxf7 48.Kf3  1-0

[Event "CRO-chT"]
[Site "Makarska Tucepi"]
[Date "1995.??.??"]
[Round "?"]
[White "Muse, Mladen"]
[Black "Kozul, Zdenko"]
[Result "1-0"]
[WhiteElo "2445"]
[BlackElo "2580"]

1.d4 g6 2.e4 Bg7 3.Nc3 d6 4.Be3 c6 5.Qd2 b5 6.a4 b4 7.Nd1 a5 8.c3 Nf6 9.f3 bxc3
10.bxc3 Nbd7 11.Bd3 O-O 12.Ne2 e5 13.O-O d5 14.Nf2 Qc7 15.Bh6 Rb8 16.Bxg7 Kxg7
17.f4 dxe4 18.fxe5 exd3 19.exf6+ Nxf6 20.Nxd3 Ne4 21.Qe3 f5 22.Rf3 Re8 23.Ne5 Nf6
24.Qf4 Rb7 25.Qh4 Rb2 26.Nf4 Ba6 27.Re1 Qb6 28.Rfe3 Rb1 29.h3 Qb2 30.Rxb1 Qxb1+
31.Kh2 Qc1 32.Qg5 Nd5 33.Nxd5 cxd5 34.Ng4 fxg4 35.Re7+ Rxe7 36.Qxc1 gxh3
37.Qg5 Re2 38.Kxh3 Bc8+ 39.Kg3 Bf5 40.Kf3 Re8 41.Kf2 h5 42.Qf4 Bd3 43.Qc7+ Kh6
44.Qxa5 Bc4 45.Qc5 Re6 46.Qc8 Rf6+ 47.Ke3 g5 48.Qg8 h4 49.a5 Ra6 50.Qf8+ Kg6
51.Qe8+ Kf6 52.Kf3 Re6 53.Qd7 Be2+ 54.Kf2 Bc4 55.Qh7 Re2+ 56.Kf3 Ra2 57.Qh6+ Kf5
58.Qg7 Ke6 59.Qg6+ Kd7 60.Qf5+ Kc6 61.Qxg5 Kb5 62.Qxh4 Bd3 63.Ke3 Kc4 64.Qd8 Kxc3
65.g4 Re2+ 66.Kf3 Bc4 67.g5 Re6 68.Qb6  1-0

[Event "Capablanca mem (Women)"]
[Site "Matanzas"]
[Date "1995.??.??"]
[Round "?"]
[White "Fandino, Roquelina"]
[Black "Frometa, Zirka"]
[Result "1-0"]
[WhiteElo "2155"]
[BlackElo "2180"]

1.e4 g6 2.d4 Bg7 3.Nc3 d6 4.Be3 Nd7 5.f3 e5 6.d5 f5 7.exf5 gxf5 8.Qd2 Ndf6
9.O-O-O a6 10.h4 f4 11.Bf2 Ne7 12.h5 Bh6 13.Bd3 Nexd5 14.Nxd5 Nxd5 15.Bxh7 Rxh7
16.Qxd5 Rg7 17.Ne2 Qd7 18.Nc3 Qc6 19.Qd3 Be6 20.Bh4 Qc4 21.Qd2 b5 22.b3 Qc6
23.Rhe1 Kf7 24.Re2 a5 25.Nd5 a4 26.b4 a3 27.Qd3 Rag8 28.Ne7 Qc4 29.Nxg8 Qxa2
30.Nxh6+ Ke8 31.Qc3 Bc4 32.Rxe5+ dxe5 33.Rd8+  1-0

[Event "Capablanca mem (Women)"]
[Site "Matanzas"]
[Date "1995.??.??"]
[Round "?"]
[White "Arribas, Maritza"]
[Black "Frometa, Zirka"]
[Result "1/2-1/2"]
[WhiteElo "2200"]
[BlackElo "2180"]

1.e4 d6 2.d4 g6 3.Nc3 Bg7 4.f3 Nc6 5.Be3 e5 6.d5 Nce7 7.Qd2 f5 8.O-O-O Nf6
9.Bb5+ Bd7 10.Bxd7+ Qxd7 11.Qd3 a6 12.Nh3 h6 13.Kb1 b5 14.Nf2 b4 15.Ne2 a5
16.Rhg1 O-O 17.h4 fxe4 18.fxe4 Ng4 19.Rdf1 Nxf2 20.Bxf2 Qg4 21.Bg3 Rac8 22.Rf3 c6
23.dxc6 Nxc6 24.Rgf1 Rxf3 25.Qxf3 Qe6 26.Rd1 Ne7 27.Qb3 Qxb3 28.axb3 Rc6
29.c4 Kf7 30.Kc2 Ke6 31.Kd3 Ra6 32.Ra1 h5 33.Be1 Nc6 34.Bd2 Ra8 35.Be3 Bf6
36.g3 Be7 37.Rf1 Rf8 38.Rxf8 Bxf8 39.Ng1 Be7 40.Nf3 Bd8 41.Ne1 Be7 42.Nc2 Bd8
43.Bf2 Bc7  1/2-1/2

[Event "Capablanca mem (Women)"]
[Site "Matanzas"]
[Date "1995.??.??"]
[Round "?"]
[White "Subit, Jose L"]
[Black "De Armas, Asela"]
[Result "1-0"]
[WhiteElo "2360"]
[BlackElo "2170"]

1.e4 d6 2.d4 g6 3.Nc3 Bg7 4.Bg5 Nc6 5.Bb5 a6 6.Bxc6+ bxc6 7.Qd2 Rb8 8.O-O-O Be6
9.Nge2 Qc8 10.h4 h6 11.Be3 Qb7 12.b3 Nf6 13.h5 g5 14.f4 gxf4 15.Bxf4 Bg4
16.Rh4 Qb4 17.Qd3 Bxh5 18.Rdh1 Bxe2 19.Nxe2 Qa3+ 20.Kb1 h5 21.Bc1 Qa5 22.Bd2 Qb5
23.c4 Qb6 24.Ng3 e6 25.Bc3 d5 26.cxd5 cxd5 27.e5 Ne4 28.Nxh5 Rxh5 29.Rxh5 Qb5
30.Qf3 Bf8 31.Rh8 Qd7 32.Ka1 Rb5 33.Bb2 Qe7 34.Bc1 Kd7 35.R1h7  1-0

[Event "Fide Mercenarios 2nd"]
[Site "MEX"]
[Date "1995.??.??"]
[Round "?"]
[White "Castillo Castelan, Miguel"]
[Black "Calderin, Roberto"]
[Result "0-1"]
[WhiteElo "2175"]
[BlackElo "2450"]

1.d4 g6 2.Nc3 Bg7 3.e4 d6 4.Be3 c6 5.Nf3 Nf6 6.Bd3 O-O 7.Qd2 b5 8.Bh6 Bg4
9.Bxg7 Kxg7 10.Qf4 Bxf3 11.Qxf3 e5 12.dxe5 dxe5 13.g4 Na6 14.h4 Nc5 15.O-O-O Qe7
16.h5 Rad8 17.Rdg1 Qe6 18.Kb1 Nxd3 19.cxd3 Qd6 20.Rh3 a5 21.Ne2 a4 22.Qe3 Kh8
23.hxg6 fxg6 24.Qg5 a3 25.Qxg6 Qb4 26.Kc2 Qxb2+ 27.Kd1 Rxd3+  0-1